Southville International School and Colleges
Your cart is empty.
  • Cart
  • Lists
    Public lists Eva Luna New books Lux_list list_1
    Your lists Log in to create your own lists
  • Log in to your account
  • Your cookies
  • Search history
Southville International School and Colleges
  • Advanced search
  • Recent comments
  • Most popular
  • Libraries

Log in to your account

Log in with GOOGLE


If you do not have an external account, but do have a local account, you can still log in:

  1. Home
  2. MARC view: Ethics : a textbook for the new general educaton curriculum
Normal view MARC view ISBD view

Ethics : a textbook for the new general educaton curriculum (Record no. 365802)

[ view plain ]
MARC details
000 -LEADER
fixed length control field 00582nam a22001817a 4500
003 - CONTROL NUMBER IDENTIFIER
control field 0
005 - DATE AND TIME OF LATEST TRANSACTION
control field 20231228094520.0
008 - FIXED-LENGTH DATA ELEMENTS--GENERAL INFORMATION
fixed length control field 231228b xxu||||| |||| 00| 0 eng d
020 ## - INTERNATIONAL STANDARD BOOK NUMBER
International Standard Book Number 978-621-409-132-4
050 ## - LIBRARY OF CONGRESS CALL NUMBER
Classification number R 724
Item number .P33 2019
100 ## - MAIN ENTRY--PERSONAL NAME
Personal name Padilla, Reynaldo A.
245 ## - TITLE STATEMENT
Title Ethics : a textbook for the new general educaton curriculum
Statement of responsibility, etc Reynaldo A. Padilla
260 ## - PUBLICATION, DISTRIBUTION, ETC. (IMPRINT)
Place of publication, distribution, etc Mandaluyong City
Name of publisher, distributor, etc Books Atbp. Publishing Corp.
Date of publication, distribution, etc c2019.
300 ## - PHYSICAL DESCRIPTION
Extent xii, 184 pages ;
Dimensions 22cm.
504 ## - BIBLIOGRAPHY, ETC. NOTE
Bibliography, etc Includes bibliographical references and index.
650 ## - SUBJECT ADDED ENTRY--TOPICAL TERM
Topical term or geographic name as entry element Ethics.
942 ## - ADDED ENTRY ELEMENTS (KOHA)
Source of classification or shelving scheme Library of Congress Classification
Koha item type Books
Holdings
Withdrawn status Lost status Source of classification or shelving scheme Damaged status Home library Current library Shelving location Date acquired Source of acquisition Sub Shelving location Total Checkouts Total Renewals Full call number Barcode Date last seen Date checked out Price effective from Koha item type
    Library of Congress Classification   College Library College Library Filipiniana Section 12/28/2023 Library Fund   1 1 R 724 .P33 2019 C23207 06/26/2024 02/20/2024 12/28/2023 Books
    Library of Congress Classification   College Library College Library Filipiniana Section 12/28/2023 Library Fund       R 724 .P33 2019 C23206 12/28/2023   12/28/2023 Books

Ethics : a textbook for the new general educaton curriculum

APA

Padilla R. A., . (2019). Ethics : a textbook for the new general educaton curriculum. Mandaluyong City: Books Atbp. Publishing Corp.

Chicago

Padilla Reynaldo A, . 2019. Ethics : a textbook for the new general educaton curriculum. Mandaluyong City: Books Atbp. Publishing Corp.

Harvard

Padilla R. A., . (2019). Ethics : a textbook for the new general educaton curriculum. Mandaluyong City: Books Atbp. Publishing Corp.

MLA

Padilla Reynaldo A, . Ethics : a textbook for the new general educaton curriculum. Mandaluyong City: Books Atbp. Publishing Corp. 2019.

  • Place hold
  • Print
  • Cite
  • Add to your cart (remove)
  • Save record
    BIBTEX Dublin Core MARCXML MARC (non-Unicode/MARC-8) MARC (Unicode/UTF-8) MARC (Unicode/UTF-8, Standard) MODS (XML) RIS
  • More searches
    Search for this title in:
    Other Libraries (WorldCat) Other Databases (Google Scholar) Online Stores (Bookfinder.com) Open Library (openlibrary.org)

Exporting to Dublin Core...

SOUTHVILLE LIBRARY

Southville International School and Colleges Library

1281 Tropical Ave. Cor. Luxembourg St., BF Homes International, Las Pinas City

Tel. No. 8256374 / 252358 Loc. 117/146

Powered by Koha